Stalin's Peasants : (Record no. 611250)

MARC details
000 -LEADER
fixed length control field 00508nam a2200193 a 4500
008 - FIXED-LENGTH DATA ELEMENTS--GENERAL INFORMATION
fixed length control field 260207s1994##################000#0#eng##
020 ## - INTERNATIONAL STANDARD BOOK NUMBER
ISBN 9780195104592
082 04 - DEWEY DECIMAL CLASSIFICATION NUMBER
Classification number 306.3640947
Item number FIT
100 1# - MAIN ENTRY--AUTHOR NAME
Personal name Fitzpatrick, Sheila,
245 10 - TITLE STATEMENT
Title Stalin's Peasants :
260 ## - PUBLICATION, DISTRIBUTION, ETC. (IMPRINT)
Name of publisher Oxford University Press, USA,
Year of publication 1994.
300 ## - PHYSICAL DESCRIPTION
Number of Pages 420 pages
650 #0 - SUBJECT ADDED ENTRY--TOPICAL TERM
Topical Term History.
942 ## - ADDED ENTRY ELEMENTS (KOHA)
Koha item type English Books
Holdings
Withdrawn status Lost status Damaged status Not for loan Home library Current library Shelving location Date acquired Full call number Accession Number Price effective from Koha item type
        Anna Centenary Library Anna Centenary Library 3RD FLOOR, B WING 07.02.2026 306.3640947 FIT 200050 07.02.2026 English Books

Find us on the map